00562nam a2200181Ia 4500003000900000008004100009020001800050040001600068080001600084100001900100245012200119260003800241300001400279490003100293650002000324650002000344700001600364IN-BaIIA211028s9999 xx 000 0 eng d a81-7371-192-5 cIIA Library a5(091)bSPA aSpangenburg, R 4aThe history of science from 1895 to 1945.cR. Spangenburg and D.K. Moser  aHyderabadbUniversity Pressc1999 axi, 164p. aOn the shoulders of gaints ahistory-science ascience-history aMoser, D.K.